Online
Catalog

Teoría y práctica de la comunicación humana / (Record no. 40279)

MARC details
000 -CABECERA
campo de control de longitud fija 00837nam a2200217 a 4500
001 - NÚMERO DE CONTROL
campo de control 000040789
005 - FECHA Y HORA DE LA ÚLTIMA TRANSACCIÓN
campo de control 20201002034400.0
008 - DATOS DE LONGITUD FIJA--INFORMACIÓN GENERAL
campo de control de longitud fija 130906s1993 sp 001 0 spa d
020 ## - NÚMERO INTERNACIONAL ESTÁNDAR DEL LIBRO
Número Internacional Estándar del Libro 9788475099446
040 ## - FUENTE DE LA CATALOGACIÓN
Centro catalogador/agencia de origen DO-SdBNP
Lengua de catalogación spa
Centro/agencia transcriptor BNPHU
100 1# - ENTRADA PRINCIPAL--NOMBRE DE PERSONA
Nombre de persona Ellis, Richard
9 (RLIN) 67209
240 10 - TÍTULO UNIFORME
Título uniforme Título original. If you take my meaning : theory into practice in human communication.
Lenguaje de la obra español
245 10 - MENCIÓN DE TÍTULO
Título Teoría y práctica de la comunicación humana /
Mención de responsabilidad, etc. Richard Ellis, Ann McClintock ; traducción de Pilar Vazquez Mota.
260 ## - PUBLICACIÓN, DISTRIBUCIÓN, ETC.
Lugar de publicación, distribución, etc. Barcelona :
Nombre del editor, distribuidor, etc. Ediciones Paidós,
Fecha de publicación, distribución, etc. 1993.
300 ## - DESCRIPCIÓN FÍSICA
Extensión 231 p. :
Otras características físicas il. ;
Dimensiones 18 cm.
490 1# - MENCIÓN DE SERIE
Mención de serie Paidós Comunicación ;
Designación de volumen o secuencia 55
500 ## - NOTA GENERAL
Nota general Incluye bibliografía e índice
700 1# - PUNTO DE ACCESO ADICIONAL--NOMBRE DE PERSONA
Nombre de persona Vázquez Mota, Pilar,
Término indicativo de función/relación tr.
9 (RLIN) 67210
700 1# - PUNTO DE ACCESO ADICIONAL--NOMBRE DE PERSONA
Nombre de persona Clintock, Ann.
9 (RLIN) 67211
830 #0 - PUNTO DE ACCESO ADICIONAL DE SERIE-TÍTULO UNIFORME
Título uniforme Paidós Comunicación ;
Número de parte o sección de la obra 55
9 (RLIN) 67212
Holdings
Estado de retiro Estado de pérdida Restricciones de uso No para préstamo Código de colección Localización permanente Ubicación/localización actual Ubicación en estantería Fecha de adquisición Número de inventario Total de préstamos Signatura topográfica completa Código de barras Fecha visto por última vez Precio válido a partir de Tipo de ítem Koha
        Monografías: Libros y Folletos General General Orden iniciada 06.09.2013 LF1   40789-10 25.06.2020 25.06.2020 No se presta

Powered by Koha